La renovación de la profesión docente
Saved in:
| Main Authors: | , |
|---|---|
| Format: | Book |
| Language: | Spanish |
| Published: |
Santiago
UNICEF
2000
|
| Series: | Ciclo de Debates. Desafíos de la Política Educacional, 4
|
| Subjects: | |
| Tags: |
Add Tag
No Tags, Be the first to tag this record!
|
MARC
| LEADER | 00000nam a2200000 a 4500 | ||
|---|---|---|---|
| 001 | UCO5679 | ||
| 003 | CL-VaPUC | ||
| 008 | 000915e20000000CL |||||||||||||||||spa|d | ||
| 082 | 0 | 4 | |a 370.71 |b BEL |2 21 |
| 100 | |a Bellei Carvacho, Cristián |e autor |9 583129 | ||
| 700 | 0 | |a Pérez, Luz María |e author |9 450406 | |
| 245 | 1 | 3 | |a La renovación de la profesión docente |
| 300 | |a 44 p | ||
| 942 | |c BK | ||
| 945 | |d 20000915 00:00:00 |a rbrito | ||
| 260 | |a Santiago |b UNICEF |c 2000 | ||
| 650 | 0 | |a Formación profesional de profesores |9 307493 | |
| 650 | 0 | |a Reforma educacional |9 256319 | |
| 650 | 0 | |a Política educacional |9 308011 | |
| 583 | |a last modification |c 20000915 00:00:00 |k Rodrigo Vera | ||
| 490 | 0 | |a Ciclo de Debates. Desafíos de la Política Educacional, 4 | |
| 999 | |c 291520 |d 291518 | ||
| 952 | |0 0 |1 0 |4 0 |6 370_710000000000000_BEL_2000 |7 0 |8 A |9 341417 |a BIBEDU |b BIBEDU |c ES_NOD |d 2019-11-20 |i 3597695 |o 370.71 BEL 2000 |p 3597695 |r 2023-08-09 |w 2019-11-20 |y BK |k BME | ||